[Event "FIDE Chesscom Grand Swiss 2021"]
[Site "Riga"]
[Date "2021.10.27"]
[Round "1.12"]
[White "Durarbayli, Vasif"]
[Black "Maghsoodloo, Parham"]
[Result "0-1"]
[WhiteElo "2629"]
[BlackElo "2701"]
[Annotator "TA"]
[PlyCount "84"]
[EventDate "2021.10.27"]
[EventType "swiss"]
[EventCountry "LAT"]
[Tiebreak "Cut1 Buchholz+Sonneborn-Berger (Swiss)"]
[SourceTitle "playchess.com"]
[Source "ChessBase"]
[SourceQuality "1"]

{[%evp 15,84,20,22,26,36,29,43,24,9,15,23,25,15,25,41,41,44,40,60,50,43,43,74,
67,81,0,0,0,0,-60,-61,-62,-31,-37,-46,-45,-42,-37,-35,-92,-93,-102,-101,-112,
-112,-125,-121,-228,-239,-227,-223,-562,-466,-654,-329,-647,-642,-625,-617,
-613,-502,-589,-319,-262,-320,-29975,-29976,-29974,-29974,-29964,-671]} 1. e4
c5 2. Nf3 d6 3. d4 cxd4 4. Nxd4 Nf6 5. Nc3 Nc6 6. f3 e5 7. Nb3 Be7 8. Be3 Be6
9. Qe2 {B56: Classical Sicilian: Unusual Lines.} O-O 10. O-O-O Qc8 $1 {[%mdl 4]
outshines the older 10...Na5.} 11. g4 {White is slightly better.} a5 {Black
wants to play ...a4.} 12. g5 Ne8 {[#]} 13. Nd2 $146 ({Predecessor:} 13. Na4 Qc7
14. Kb1 b5 15. Qxb5 Nb4 16. c3 Bd7 17. Qb6 Bxa4 18. cxb4 Qxb6 19. Bxb6 axb4 {
1/2-1/2 (26) Oleksienko,M (2615)-Vovk,A (2634) Zhitomir 2017}) 13... Rb8 14. a4
{[%cal Ba2a4,Ba4b5][%mdl 32]} b5 15. axb5 Nd4 16. Qd3 {Hoping for f4.} Nc7 17.
Bxd4 exd4 18. Qxd4 Bxg5 19. Rg1 Bh6 20. f4 (20. Qxd6 $16 Be3 21. Rg2) 20... Bg4
$11 21. Re1 {aiming for f5.} Bd7 22. f5 (22. Bc4 $11) 22... Bxb5 $15 23. Kb1
Kh8 24. Rd1 ({But not} 24. Qxd6 $2 Rd8 $19) 24... Bxf1 25. Rgxf1 Rb4 $1 {
[%cal Rb4d4]} 26. Nc4 (26. Qxd6 $2 Rd8 $19) 26... Bg5 {Strongly threatening ...
Bf6.} 27. Qd3 {[#]} (27. f6 $1 $15 Bxf6 28. Rxf6) 27... Bf6 $1 $17 {[%cal
Rf6c3] White is on the road to losing.} 28. Na2 Rb8 29. c3 ({Don't go for} 29.
Qxd6 $2 Nb5 $19) 29... Nb5 {...Qxc4! is the strong threat.} 30. Ka1 a4 31. Nxd6
(31. Rb1 $17) 31... Nxd6 $19 32. Qxd6 a3 $40 {[%mdl 128] Black wants a kill.}
33. Qd5 $2 (33. Qxa3 {is a better chance.} Qc4 34. e5 Bxe5 35. Rfe1) 33... Re8
34. Rfe1 (34. Qd7 $142 axb2+ 35. Kb1) 34... h6 35. Qxf7 $2 (35. e5 axb2+ 36.
Kb1 Qxf5+ {[%mdl 64] Double Attack} 37. Qd3 Rxe5 38. Qxf5 Rxf5 39. Rd2) 35...
Rb7 36. Qd5 Re5 37. Qd6 axb2+ 38. Kb1 Ra7 39. Rd5 Re8 {( -> ...Qc4!)} 40. Rb5
$2 {[#]} (40. Rc5 $19 Qb7 41. Qd5) 40... Rxa2 $1 {[%mdl 576] Remove Defender,
Decoy. Black mates.} 41. Kxa2 Qc4+ 42. Rb3 b1=Q+ {Weighted Error Value:
White=0.53/Black=0.19} (42... Bxc3 $142 43. Qa3 Bxe1 44. Kxb2 Qe2+ 45. Ka1 Bh4
46. e5 Qxe5+ {[%mdl 64] Double Attack} 47. Qb2 Qa5+ 48. Ra3 Re1+ 49. Ka2 Qd5+
50. Rb3 Bf6 51. Qxf6 gxf6 52. h4 Re2+ 53. Ka1 Qxb3 54. h5 Re1#) 0-1

[Event "FIDE Chesscom Grand Swiss 2021"]
[Site "Riga"]
[Date "2021.10.27"]
[Round "1.13"]
[White "Xiong, Jeffery"]
[Black "Zhou, Jianchao"]
[Result "1/2-1/2"]
[WhiteElo "2700"]
[BlackElo "2629"]
[Annotator "TA"]
[PlyCount "161"]
[EventDate "2021.10.27"]
[EventType "swiss"]
[EventCountry "LAT"]
[Tiebreak "Cut1 Buchholz+Sonneborn-Berger (Swiss)"]
[SourceTitle "playchess.com"]
[Source "ChessBase"]
[SourceQuality "1"]

{[%evp 9,161,37,35,32,41,33,33,36,37,12,38,25,41,28,28,29,43,15,12,0,14,-23,
-13,-19,-19,-38,0,-11,0,0,14,0,0,-13,60,24,92,46,37,16,16,16,16,16,37,32,26,16,
22,16,16,16,24,24,32,31,32,19,31,1,1,1,1,1,1,1,4,8,11,11,31,22,44,0,14,4,52,44,
44,26,69,68,69,72,88,58,44,44,44,44,46,33,33,33,33,33,33,33,33,1,1,1,1,0,33,33,
33,33,46,46,46,46,46,46,46,46,46,33,46,44,46,33,46,46,46,44,44,44,44,0,44,44,
44,44,44,44,54,33,44,44,44,0,44,33,44,33,33,33,44,44,44,44,44,51]} 1. e4 c5 2.
Nc3 Nc6 3. Nf3 e5 4. Bc4 g6 5. d3 h6 $1 6. a3 {B30: Sicilian: 2...Nc6 3 Bb5,
lines without ...g6.} Bg7 7. b4 d6 8. Nd5 Nge7 9. Be3 b6 10. b5 {[#]} Na5 $146
({Predecessor:} 10... Nd4 11. a4 Bb7 12. Nxe7 Qxe7 13. Nd2 Qd7 14. O-O O-O 15.
Re1 Kh7 16. Qb1 Ne6 {1/2-1/2 (38) Kuhne,D (2384)-Milto,G ICCF email 2017}) 11.
Nxe7 Qxe7 12. Bd5 Bb7 13. Bxb7 Nxb7 14. O-O f5 15. Qb1 O-O 16. Qa2+ Qf7 17.
Rfd1 Qxa2 18. Rxa2 Kf7 19. g3 Rfd8 20. c4 a6 21. Rb1 a5 ({Black should try} 
21... fxe4 $11 22. dxe4 axb5) 22. Re1 Rf8 (22... g5 $11) 23. Nd2 Nd8 24. f3 Ne6
25. Nb1 f4 26. Bc1 Kg8 {Threatening ...fxg3.} 27. Rf1 g5 28. Nc3 Bf6 29. Rg2
Kh7 30. Nd5 Bd8 31. h4 fxg3 32. hxg5 hxg5 {Black wants to play ...Nf4.} 33.
Rxg3 Ra7 34. Kg2 Kg6 35. Rh1 Rh7 36. Rxh7 Kxh7 37. Rh3+ Kg6 38. Kg3 Nd4 {
[#] Hoping for ...Ne2+.} 39. Kg4 $36 {[%mdl 2048] White fights for an
advantage.} Ne6 40. Rh1 Nd4 41. Rh3 Ne6 42. Rh2 Nd4 43. Be3 Ne6 44. Rh1 Rg8 45.
Bf2 Rf8 46. Bg3 Ng7 47. Be1 Ne6 48. Rh2 Nd4 49. Bc3 Ne6 50. Ne3 {Black must
now prevent Nf5.} Rf4+ 51. Kg3 Rh4 $1 52. Nf5 Rxh2 53. Kxh2 $14 {[%mdl 4096]
Endgame KBN-KBN} Bc7 54. Ne7+ Kf7 55. Nd5 Bd8 56. Bd2 Kg6 57. Kg3 Ng7 58. Kg4
Ne8 59. Ne3 Nf6+ 60. Kh3 Kh5 61. Nf5 Ne8 $1 62. Ng3+ Kg6 63. Ne2 Kh5 64. Kg3
Nf6 65. Kf2 Ne8 66. Ng3+ Kg6 67. Ke2 Ng7 68. Kd1 Bc7 69. Ke2 Ne6 70. Be3 Ng7
71. Kf2 Bd8 72. Kg2 Ne8 73. Ne2 Kh5 74. Kh3 Nf6 75. Bd2 Ne8 76. Nc3 {White is
slightly better.} Nf6 77. Kg3 Kg6 78. Nd5 Nxd5 79. cxd5 Kh5 80. a4 Bf6 81. Kh3
{Weighted Error Value: White=0.08/Black=0.10} 1/2-1/2

[Event "FIDE Chesscom Grand Swiss 2021"]
[Site "Riga"]
[Date "2021.10.27"]
[Round "1.14"]
[White "Pichot, Alan"]
[Black "Artemiev, Vladislav"]
[Result "0-1"]
[WhiteElo "2628"]
[BlackElo "2699"]
[Annotator "TA"]
[PlyCount "108"]
[EventDate "2021.10.27"]
[EventType "swiss"]
[EventCountry "LAT"]
[Tiebreak "Cut1 Buchholz+Sonneborn-Berger (Swiss)"]
[SourceTitle "playchess.com"]
[Source "ChessBase"]
[SourceQuality "1"]

{[%evp 16,108,9,16,15,12,14,14,11,17,14,2,0,0,10,0,-5,0,0,-8,-7,-4,0,-6,-8,-8,
-4,-21,-4,-16,-18,-19,-21,-62,-47,-61,-54,-54,-45,-54,-46,-54,-67,-54,-75,-89,
-89,-75,-83,-109,-106,-114,-119,-126,-115,-239,-225,-229,-239,-215,-239,-231,
-212,-237,-237,-298,-298,-302,-298,-298,-297,-290,-289,-287,-506,-450,-413,
-500,-529,-535,-528,-522,-504,-484,-472,-451,-447,-444,-439,-1091,-1039,-968,
-922,-1154,-1124]} 1. e4 e5 2. Nf3 Nc6 3. Bb5 Nf6 4. O-O Nxe4 5. Re1 Nd6 6.
Nxe5 Be7 7. Bf1 Nxe5 8. Rxe5 O-O 9. d4 Ne8 {C67: Ruy Lopez: Berlin Defence: 4
0-0 Nxe4.} 10. c3 d6 $5 {[%mdl 4] An interesting side line.} 11. Re1 d5 {
[#] The position is equal.} 12. Bf4 $146 ({Predecessor:} 12. Bd3 c6 13. Bf4 Bd6
14. Bxd6 Nxd6 15. Nd2 Bf5 16. Bxf5 Nxf5 17. Qb3 Qb6 18. a4 Qxb3 19. Nxb3 {
1/2-1/2 (39) Triapishko,A (2508)-Lysyj,I (2631) Sochi 2018}) 12... Bd6 13. Bxd6
(13. Be5 {feels hotter.} c6 14. Bd3 g6 15. Nd2 Ng7 16. Qb3) 13... Nxd6 14. Nd2
Bf5 15. Qf3 Qg5 16. Qe3 Qxe3 17. Rxe3 Rfe8 18. Rae1 Rxe3 19. Rxe3 f6 20. f3 Kf7
21. Kf2 g5 22. Bd3 Bxd3 23. Rxd3 $11 {[%mdl 4096] Endgame KRN-KRN} a5 24. Ke1
a4 25. Re3 c6 26. Kd1 f5 27. Re5 Kf6 28. g3 h5 29. Kc2 b5 30. Kd3 Rb8 31. Re2
f4 32. gxf4 gxf4 33. b3 Nf5 34. Re1 Ra8 35. Re5 {Loses the game.} (35. Re2 $17)
35... axb3 $19 36. axb3 h4 $1 37. h3 Ne3 38. Rh5 Nf5 {White must now prevent ..
.Kg6.} 39. Rh7 Rg8 40. Ra7 Rg3 41. c4 bxc4+ ({Weaker is} 41... Rxh3 42. Ra6 $17
) 42. bxc4 {[#] intending Ra6.} Ne7 $1 ({Less strong is} 42... Rxh3 43. Ra6 $17
) 43. cxd5 cxd5 44. Ne4+ dxe4+ 45. Kxe4 {Now Ra6+ and White clings on. KRN-KR}
Ng6 46. Ra6+ {[#]} Kg5 $1 {Black is clearly winning.} 47. Ra5+ Kh6 48. d5 Rg5
49. Kd4 Rg1 50. Ke4 Kg5 51. d6+ Kf6 52. Ra6 (52. Rd5 $142 Re1+ 53. Kd4) 52...
Re1+ 53. Kd5 Kf5 54. Ra4 Ne5 {Weighted Error Value: White=0.31/Black=0.01} 0-1

[Event "FIDE Chesscom Grand Swiss 2021"]
[Site "Riga"]
[Date "2021.10.27"]
[Round "1.15"]
[White "Svidler, Peter"]
[Black "Movsesian, Sergei"]
[Result "1/2-1/2"]
[WhiteElo "2694"]
[BlackElo "2627"]
[Annotator "TA"]
[PlyCount "72"]
[EventDate "2021.10.27"]
[EventType "swiss"]
[EventCountry "LAT"]
[Tiebreak "Cut1 Buchholz+Sonneborn-Berger (Swiss)"]
[SourceTitle "playchess.com"]
[Source "ChessBase"]
[SourceQuality "1"]

{[%evp 9,72,0,27,0,14,22,20,20,47,-13,15,20,20,0,25,22,30,26,22,7,45,39,44,50,
31,14,16,10,36,39,80,73,88,56,94,45,86,49,43,33,133,13,11,16,44,44,35,0,0,0,0,
0,8,8,8,8,8,8,8,8,8,8,6,8,8]} 1. e4 c6 2. d4 d5 3. e5 c5 4. Nf3 cxd4 5. Nxd4 e6
6. c4 {B12: Caro-Kann: Advance Variation.} Nc6 (6... Bb4+ {is more complex.} 7.
Nc3 Ne7 8. Be2 Nbc6 9. O-O O-O) 7. Nc3 Bc5 {seems to push 7...Bb4 aside.} 8.
Nxc6 bxc6 9. Bd3 ({White should play} 9. Qg4 $14 Kf8 10. Bd3) 9... Ne7 10. O-O
Ng6 11. Na4 Be7 12. f4 Ba6 13. Be3 {[#]} O-O $146 ({Predecessor:} 13... dxc4
14. Be4 O-O 15. Qxd8 Rfxd8 16. Rfd1 Rd5 17. Bxd5 cxd5 18. b3 f6 19. exf6 Bxf6 {
0-1 (40) Balogh,C (2664)-Khenkin,I (2655) Germany 2013}) 14. Rc1 d4 15. Bd2 c5
16. Qh5 Bb7 17. b3 Qc7 18. Rce1 Rae8 19. Nb2 Qc6 {[%csl Gb7][%cal Rc6g2] [#]}
20. Re2 Qa6 21. Bb1 Bc6 22. Nd3 Qb7 23. f5 exf5 24. Rxf5 Be4 {[#]} (24... Bd7
$14) 25. Rff2 (25. Nxc5 $6 Bxc5 26. Bxe4 d3+ 27. Kh1 Qa6 $16) (25. Rf1 $1 $16)
25... Qa8 $1 $11 26. Re1 Bh4 27. g3 Bd8 28. Qe2 (28. e6 $5 fxe6 29. Rxf8+ Rxf8
30. Qe2 $11) 28... f5 {The position is equal.} 29. exf6 $1 Bxf6 30. Qh5 Be7 31.
Nxc5 Bxb1 32. Rxb1 Bxc5 33. Qxc5 Rxf2 34. Kxf2 Ne5 $1 {[%cal Re5d3]} ({Don't
play} 34... Re5 $6 35. Qxd4 Rf5+ 36. Bf4 $16 (36. Kg1 Ne5 $15)) 35. Qd5+ $1
Qxd5 36. cxd5 Ng4+ $1 {Weighted Error Value: White=0.18/Black=0.16} 1/2-1/2

[Event "FIDE Chesscom Grand Swiss 2021"]
[Site "Riga"]
[Date "2021.10.27"]
[Round "1.16"]
[White "Yilmaz, Mustafa"]
[Black "Eljanov, Pavel"]
[Result "1/2-1/2"]
[WhiteElo "2626"]
[BlackElo "2691"]
[Annotator "TA"]
[PlyCount "64"]
[EventDate "2021.10.27"]
[EventType "swiss"]
[EventCountry "LAT"]
[Tiebreak "Cut1 Buchholz+Sonneborn-Berger (Swiss)"]
[SourceTitle "playchess.com"]
[Source "ChessBase"]
[SourceQuality "1"]

{[%evp 18,64,0,-6,-11,-11,0,-13,-9,-16,-10,-14,-22,-36,-39,-82,-11,-11,-7,-14,
-19,-13,-5,-2,0,-7,0,0,-7,-2,-2,-4,-3,-10,-4,-8,0,0,0,-1,0,1,6,0,0,0,0,0,8]} 1.
d4 d5 2. c4 dxc4 3. e4 c5 4. d5 Nf6 5. Nc3 e6 6. Bxc4 exd5 7. exd5 a6 8. a4 Bd6
9. Nf3 O-O 10. O-O Bg4 {D24: Queen's Gambit Accepted: 3 Nf3 Nf6 4 Nc3.} 11. h3
Bh5 12. Re1 Nbd7 13. a5 Qc7 14. Be2 Rfe8 15. Ra4 {[#]} Rad8 $146 ({Predecessor:
} 15... Re7 16. Be3 Rae8 17. Nd2 Bxe2 18. Rxe2 Ne5 19. Qb3 Rc8 20. Nc4 Nxc4 21.
Qxc4 Nd7 {1-0 (42) Crevatin,L (2171)-Warchol,K (2017) Chess.com INT 2021}) 16.
Nh4 b5 17. axb6 $1 $11 {The position is equal.} Nxb6 18. Rxa6 Bxe2 19. Rxe2 Qb7
20. Rxe8+ Rxe8 21. Ra1 Nbxd5 22. Nf3 Bf8 (22... Rd8 {looks sharper.} 23. Qc2
Be7 24. Nxd5 Nxd5 25. Bd2 h6) 23. Nxd5 Nxd5 24. Qa4 Rd8 25. Bg5 Rc8 26. Qc2 c4
27. Bd2 g6 28. Ra4 Nb6 29. Ra5 Nd7 30. Ra4 Qd5 31. Be3 Bg7 32. Qd2 Qxd2 {
Weighted Error Value: White=0.04/Black=0.09} 1/2-1/2

[Event "FIDE Chesscom Grand Swiss 2021"]
[Site "Riga"]
[Date "2021.10.27"]
[Round "1.17"]
[White "Navara, David"]
[Black "Kravtsiv, Martyn"]
[Result "1/2-1/2"]
[WhiteElo "2691"]
[BlackElo "2625"]
[Annotator "TA"]
[PlyCount "72"]
[EventDate "2021.10.27"]
[EventType "swiss"]
[EventCountry "LAT"]
[Tiebreak "Cut1 Buchholz+Sonneborn-Berger (Swiss)"]
[SourceTitle "playchess.com"]
[Source "ChessBase"]
[SourceQuality "1"]

{[%evp 22,72,20,18,16,15,18,0,0,0,0,0,0,0,0,-60,-62,-216,-216,-231,0,0,0,0,0,0,
0,0,0,0,0,0,0,0,0,0,0,0,0,0,0,-6,-2,-8,-8,-8,-8,-12,-8,-9,-9,-12,-9]} 1. c4 e6
2. Nc3 d5 3. d4 Nf6 4. Nf3 c5 5. e3 Nc6 6. cxd5 Nxd5 7. Bd3 Be7 8. O-O O-O 9.
a3 cxd4 10. exd4 b6 11. Qc2 Nf6 12. Rd1 h6 {[#] D42: Queen's Gambit Declined:
Semi-Tarrasch: 5 cxd5 Nxd5 6 e3 Nc6 7 Bd3 .} 13. Bf4 $146 ({Predecessor:} 13.
Be4 Nxe4 14. Qxe4 Qe8 15. Re1 Bd7 16. d5 exd5 17. Nxd5 Bd6 18. Qh4 Qd8 19. Qh5
Be6 20. Rd1 Bxd5 21. Qxd5 {1/2-1/2 (87) Vidit,S (2726)-Nepomniachtchi,I (2789)
chess24.com INT 2021}) 13... Bb7 14. Rac1 Rc8 15. d5 Nxd5 16. Nxd5 exd5 17. Qa4
Qd7 18. Nd4 {[#]} (18. Bb5 $11 Qg4 19. h3) 18... Qg4 $1 $15 19. Nxc6 $2 (19.
Ne2 $15) 19... Bxc6 $19 20. Qxa7 {[#]} Bxa3 21. bxa3 $11 {And now Be5 would
win.The position is equal.} Qxf4 22. Qxb6 Ba4 23. Rxc8 Rxc8 24. Qa6 Bd7 25. Qb7
Qa4 26. Rb1 Be6 27. Qb4 Qxb4 28. axb4 {[%mdl 4096] Endgame KRB-KRB} Rc3 29. Bf1
Bf5 30. Rd1 Be6 31. f4 Rb3 32. f5 Bxf5 {With the idea ...Be6.} 33. Rxd5 g6 34.
b5 Kf8 35. Kf2 Ke7 36. Be2 Bd7 {Weighted Error Value: White=0.20/Black=0.14}
1/2-1/2

[Event "FIDE Chesscom Grand Swiss 2021"]
[Site "Riga"]
[Date "2021.10.27"]
[Round "1.18"]
[White "Kuzubov, Yuriy"]
[Black "Van Foreest, Jorden"]
[Result "1/2-1/2"]
[WhiteElo "2624"]
[BlackElo "2691"]
[Annotator "TA"]
[PlyCount "127"]
[EventDate "2021.10.27"]
[EventType "swiss"]
[EventCountry "LAT"]
[Tiebreak "Cut1 Buchholz+Sonneborn-Berger (Swiss)"]
[SourceTitle "playchess.com"]
[Source "ChessBase"]
[SourceQuality "1"]

{[%evp 9,127,2,0,1,-1,0,0,-3,-1,-8,0,-2,-8,0,8,11,8,12,13,10,19,13,19,12,14,16,
27,14,29,-8,0,0,0,0,0,0,25,0,0,-25,-16,-21,81,54,55,-18,0,-4,-15,-16,-12,-25,
257,254,414,392,464,457,497,143,122,122,116,115,110,97,108,118,137,129,121,128,
128,128,304,168,169,177,184,116,149,107,87,0,0,0,0,0,0,0,0,0,0,0,0,0,0,0,0,0,0,
0,0,0,0,0,0,0,0,0,0,0,0,0,0,0,0,0,0,0]} 1. d4 d5 2. c4 c6 3. e3 Nf6 4. Nc3 Bf5
5. Nge2 e6 6. Ng3 {D10: Slav Defence: 3 cxd5 (without early Nf3) and 3 Nc3.}
Bg6 7. Bd3 Nbd7 8. O-O Bd6 {[#]} 9. Re1 $146 ({Predecessor:} 9. f4 Bxd3 10.
Qxd3 Qc7 11. e4 Nxe4 12. Ngxe4 dxe4 13. Nxe4 Be7 14. f5 exf5 15. Rxf5 {0-1 (36)
Adelberger,G-Rohrmueller,H Germany 2003}) 9... O-O 10. Bxg6 hxg6 11. e4 dxe4 (
11... dxc4 $2 12. e5 $18) 12. Ngxe4 Nxe4 13. Nxe4 Be7 14. Be3 Nf6 15. Ng5 Qa5
16. Qe2 Rfd8 17. h3 Ne8 18. Nf3 Nd6 19. Bf4 Nf5 20. Red1 Bf6 {[%cal Rf5d4]} 21.
Be5 Rd7 22. g4 Ne7 23. h4 Rad8 24. a3 Qa4 25. Re1 Nc8 (25... c5 $11) 26. Rac1
Bxe5 27. dxe5 ({White should try} 27. Qxe5 $14 Nd6 28. Qe2) 27... c5 28. Rc3
Ne7 29. Ng5 Rd1 30. Kg2 Nc6 $2 {[%mdl 8192] [#]} (30... Rxe1 $11 31. Qxe1 Rd4)
31. Qf3 $1 $18 {[%cal Rf3f7][%mdl 512]} R1d7 (31... Rxe1 32. Qxf7+ Kh8 33. Qxg6
Rg1+ 34. Kxg1 Qd1+ 35. Kh2 Qc2 36. Rxc2) (31... Nxe5 32. Rxe5 f6 33. Qxb7 (33.
Nxe6 fxe5 34. Nxd8 Rxd8 $16) (33. Rxe6 fxg5 34. Re7 Qc6 $18) 33... fxg5 34.
Rxg5 (34. Rxe6 gxh4 35. Rxg6 Qd7 $16) 34... R1d4 35. Rxg6 Qd7 36. Qxd7 R8xd7) (
31... Nxe5 32. Rxe5) 32. h5 {And now hxg6 would win.} gxh5 33. Qe4 {[%cal
Re4h7]} g6 34. gxh5 $2 (34. Qf4 $1 $18 {is the precise move to win.} Nd4 35.
Ne4) 34... Ne7 $16 35. hxg6 Nxg6 {[#]} 36. Nxe6 $1 {[%mdl 512]} fxe6 37. Rg3 ({
Avoid the trap} 37. Qxg6+ $2 Rg7 $19) 37... Rg7 {aiming for ...Rd4.} 38. Rxg6
Qc6 39. Rxg7+ Kxg7 40. Qxc6 bxc6 {[%mdl 4096] Endgame KR-KR} 41. Re3 a5 $2 (
41... Rd2 $16 {was called for.}) 42. a4 (42. Rf3 $142) 42... Rd2 {[#]} 43. b3
Rb2 44. Rg3+ ({White should play} 44. Rf3 $18) 44... Kh6 45. Rf3 Kg5 {[#]} 46.
Rf6 (46. Kf1 $1 $16) 46... Rxb3 $11 {The position is equal.} 47. Rxe6 Rc3 48.
Rf6 Rxc4 49. Kf3 {Hoping for Rf8.} Rxa4 50. Ke3 {Black must now prevent f4+.}
Ra3+ 51. Ke4 Ra4+ 52. Kd3 Rd4+ 53. Kc3 a4 54. f4+ Kg4 (54... Rxf4 55. Rxf4 Kxf4
56. e6 Kg5 57. e7 Kh4 58. e8=Q a3 59. Qxc6) 55. e6 Re4 56. f5 Re2 57. Kd3 Re1
58. Kc2 c4 {...a3 is the strong threat.} 59. Rf8 a3 {Strongly threatening ...
a2.} 60. f6 a2 ({But not} 60... Rxe6 $2 61. Rg8+ Kh5 62. f7 $18) 61. Ra8 Rxe6
62. f7 Rf6 63. Rxa2 Rxf7 {( -> ...Rf2+)} 64. Kc3 {Black escapes into a draw. 
Weighted Error Value: White=0.16/Black=0.25} 1/2-1/2

[Event "FIDE Chesscom Grand Swiss 2021"]
[Site "Riga"]
[Date "2021.10.27"]
[Round "1.19"]
[White "Wojtaszek, Radoslaw"]
[Black "Martirosyan, Haik M."]
[Result "1-0"]
[WhiteElo "2691"]
[BlackElo "2624"]
[Annotator "TA"]
[PlyCount "83"]
[EventDate "2021.10.27"]
[EventType "swiss"]
[EventCountry "LAT"]
[Tiebreak "Cut1 Buchholz+Sonneborn-Berger (Swiss)"]
[SourceTitle "playchess.com"]
[Source "ChessBase"]
[SourceQuality "1"]

{[%evp 12,83,19,15,16,7,15,18,20,17,19,20,28,24,22,13,6,0,10,10,12,20,27,16,18,
27,23,22,20,32,15,24,35,29,56,20,56,22,25,27,47,45,95,103,98,107,118,102,187,
192,331,332,349,337,478,207,458,427,463,467,458,457,531,367,595,602,791,739,
1235,1181,1391,1306,2417,1610]} 1. d4 Nf6 2. c4 e6 3. Nf3 d5 4. Nc3 Be7 5. Bf4
O-O 6. e3 Nbd7 7. Be2 dxc4 {D37: Queen's Gambit Declined: 5 Bf4.} 8. O-O Nb6 9.
Qc2 {9.a4 is the modern continuation.} Nfd5 {The position is equal.} 10. Bg3
Bd7 {[#]} 11. Ne4 $146 ({Predecessor:} 11. Ne5 Rc8 12. a4 a5 13. Nxc4 Nb4 14.
Qb3 Nxc4 15. Bxc4 Bc6 16. Rad1 Bd5 17. e4 Bxc4 18. Qxc4 {1-0 (72) Brousek,J 
(2270)-Slyusar,V (2131) ICCF email 2017}) 11... Nb4 12. Qb1 Bc6 13. a3 Bxe4 14.
Qxe4 N4d5 15. Rfc1 c5 16. dxc5 Bxc5 17. Bxc4 Nxc4 18. Rxc4 Bd6 19. Rac1 Bxg3
20. hxg3 ({Much weaker is} 20. fxg3 Qb6 $17) 20... h6 21. Qe5 b5 22. Rc5 b4 23.
Nd4 {Black must now prevent Nxe6!} Qd7 {[#]} 24. Nf5 $1 {[%csl Gf5][%cal Re5g7]
} f6 25. Qe4 bxa3 26. bxa3 Rf7 {White now steadily converts the win.} 27. Nd4
Re8 28. Qc2 Nb6 29. Qb3 e5 (29... Nc8 $16 {was worth a try.}) 30. Nc6 $18 Kf8 {
[#]} (30... Qg4 $142 31. Ra5 Kf8) 31. a4 $1 {[%cal Ba3a4,Ba4a5][%mdl 32]} Nc8
32. Rd1 Qg4 (32... Nd6 $142 33. Rcc1 f5) 33. Rc4 $40 {[%mdl 128] White attacks
with force.} (33. f3 $142 Qxg3 34. Nd8) 33... Qe2 (33... e4 {was called for.}
34. Rd8 Rb7 35. Rxe8+ (35. Qxb7 Rxd8 36. Qb4+ Kg8 $16) 35... Kxe8 36. Rxe4+ (
36. Qxb7 Qd1+ 37. Kh2 Qh5+ 38. Kg1 Qd1+ 39. Kh2 Qh5+ 40. Kg1 Qd1+ $11) 36...
Qxe4 37. Qxb7 {[%mdl 64] Double Attack} Qe6 38. Nxa7 Nxa7) 34. Nd8 Nb6 35. Rcc1
{[%csl Gd8][%cal Rb3f7]} Rfe7 36. a5 Na8 37. Nb7 Qh5 $2 (37... Qg4 38. f3 Qe6)
38. Nd6 {White is clearly winning.} Rd8 39. Qb4 f5 40. Rd2 Qg4 41. Rc4 Qg6 {[#]
} 42. Nxf5 $1 {[%mdl 576] Pin, Discovered Attack.  Weighted Error Value:
White=0.18/Black=0.44} 1-0

[Event "FIDE Chesscom Grand Swiss 2021"]
[Site "Riga"]
[Date "2021.10.27"]
[Round "1.20"]
[White "Hovhannisyan, Robert"]
[Black "Korobov, Anton"]
[Result "1/2-1/2"]
[WhiteElo "2622"]
[BlackElo "2690"]
[Annotator "TA"]
[PlyCount "60"]
[EventDate "2021.10.27"]
[EventType "swiss"]
[EventCountry "LAT"]
[Tiebreak "Cut1 Buchholz+Sonneborn-Berger (Swiss)"]
[SourceTitle "playchess.com"]
[Source "ChessBase"]
[SourceQuality "1"]

{[%evp 16,60,10,-1,31,19,50,64,70,69,59,60,62,46,70,67,69,75,61,19,29,32,15,22,
16,16,30,0,0,0,22,-6,0,0,0,-12,0,-8,0,-7,0,0,0,0,0,0,0]} 1. e4 e5 2. Nf3 Nc6 3.
Bb5 a6 4. Ba4 Nf6 5. O-O Be7 6. Nc3 b5 7. Bb3 d6 8. a4 b4 9. Nd5 O-O {C84:
Closed Ruy Lopez: Unusual White 6th moves.} 10. d4 Rb8 11. dxe5 Nxe5 {White is
slightly better.} 12. Nxe5 dxe5 {[#]} 13. Nxf6+ $146 ({Predecessor:} 13. Qe2
Nxd5 14. Bxd5 a5 15. Be3 Bb7 16. Rad1 Qc8 17. b3 Bd6 18. Bxb7 Qxb7 19. Qc4 {
1/2-1/2 (37) Sardy,P (2340)-Suta,A (2239) Balatonlelle 2018}) 13... Bxf6 14.
Be3 Qe7 15. Qe2 Bg5 16. Bxg5 Qxg5 17. a5 Bg4 18. f3 Bd7 19. Rfd1 Bb5 20. Qf2
Rbd8 21. c4 bxc3 {The position is equal.} 22. bxc3 {[%cal Bb2c3,Bc3c4][%mdl 32]
} h5 23. c4 Bd7 24. c5 Bb5 25. h4 Qe7 (25... Qh6 {looks sharper.} 26. Kh2 Qf6
27. Rxd8 Rxd8 28. Rd1 Rxd1 29. Bxd1 Qf4+) 26. Rxd8 Rxd8 27. Rd1 $1 Rxd1+ 28.
Bxd1 Qd7 29. Be2 Qc6 {[#] White must now prevent ...Bxe2.} 30. Kh2 g6 {
Weighted Error Value: White=0.06/Black=0.08} 1/2-1/2